Gender equality and corporate governance in Slovakia
Rodová rovnosť v kontexte správy podniku. Analýza vzťahu medzi corporate governance a rodovou rovnosťou vo všetkých cca. 100 spoločnostiach zalistovaných na Burze cenných papierov v Bratislave (Bratislava Stock Exchange) v období 2011-2013. Index správy podniku (corporate governance index). Počet ži...
Guardado en:
| Autor principal: | |
|---|---|
| Otros Autores: | , , |
| Formato: | Capítulo de libro |
| Lenguaje: | inglés |
| Materias: | |
| Etiquetas: |
Sin Etiquetas, Sea el primero en etiquetar este registro!
|
MARC
| LEADER | 00000naa a2200000 4500 | ||
|---|---|---|---|
| 001 | 0229293 | ||
| 005 | 20220718111022.1 | ||
| 041 | 0 | |a eng | |
| 044 | |a CZ | ||
| 245 | 1 | 0 | |a Gender equality and corporate governance in Slovakia |c Hussam Musa, Lenka Debnárová, Zdenka Musová, Peter Krištofík |
| 520 | |a Rodová rovnosť v kontexte správy podniku. Analýza vzťahu medzi corporate governance a rodovou rovnosťou vo všetkých cca. 100 spoločnostiach zalistovaných na Burze cenných papierov v Bratislave (Bratislava Stock Exchange) v období 2011-2013. Index správy podniku (corporate governance index). Počet žien v predstavenstve. | ||
| 610 | 2 | 0 | |a trh práce |
| 610 | 2 | 0 | |a správa podniku |
| 610 | 2 | 0 | |a správa spoločnosti |
| 610 | 2 | 0 | |a kultúra podniková |
| 610 | 2 | 0 | |a zodpovednosť podniku spoločenská |
| 610 | 2 | 0 | |a vzťahy genderové |
| 610 | 2 | 0 | |a rovnosť rodová |
| 610 | 2 | 0 | |a diskriminácia rodová |
| 610 | 2 | 0 | |a diverzita |
| 610 | 2 | 0 | |a ženy |
| 610 | 2 | 0 | |a predstavenstvo |
| 610 | 2 | 0 | |a Slovensko |
| 100 | 1 | |a Musa, Hussam | |
| 700 | 1 | |a Debnárová, Lenka | |
| 700 | 1 | |a Musová, Zdenka | |
| 700 | 1 | |a Krištofík, Peter | |